Loading...
| Current Events | 3 | 20.00 | 100% | 67% | 33% |
| Fine Arts - Classical Music | 5 | 12.00 | 100% | 20% | 0% |
| Fine Arts - Other Fine Arts | 7 | 15.71 | 100% | 43% | 14% |
| Geography | 4 | 27.50 | 100% | 100% | 75% |
| History - American History | 6 | 21.67 | 100% | 83% | 33% |
| History - European History | 6 | 25.00 | 100% | 83% | 67% |
| History - Other History | 6 | 23.33 | 100% | 100% | 33% |
| History - World History | 7 | 28.57 | 100% | 100% | 86% |
| Literature - American Literature | 6 | 18.33 | 83% | 67% | 33% |
| Literature - British Literature | 6 | 15.00 | 83% | 50% | 17% |
| Literature - European Literature | 5 | 12.00 | 100% | 20% | 0% |
| Literature - World Literature | 5 | 18.00 | 100% | 60% | 20% |
| Mythology | 6 | 21.67 | 100% | 67% | 50% |
| Painting/Sculpture | 5 | 26.00 | 100% | 100% | 60% |
| Philosophy | 4 | 17.50 | 100% | 25% | 50% |
| Pop Culture | 1 | 20.00 | 100% | 100% | 0% |
| Religion | 7 | 20.00 | 100% | 86% | 14% |
| Science - Biology | 7 | 20.00 | 100% | 57% | 43% |
| Science - Chemistry | 4 | 12.50 | 50% | 75% | 0% |
| Science - Other Science | 3 | 20.00 | 100% | 67% | 33% |
| Science - Physics | 5 | 12.00 | 80% | 40% | 0% |
| Social Science | 2 | 10.00 | 100% | 0% | 0% |